[Event "Wch Rapid"]
[Site "New York"]
[Date "2024.12.27"]
[Round "8"]
[White "Jacobson, Brandon"]
[Black "Antipov, Mikhail Al"]
[Result "1/2-1/2"]
[WhiteElo "2459"]
[BlackElo "2591"]
[PlyCount "131"]
[EventDate "2024.12.26"]
[EventType "swiss (rapid)"]
[EventRounds "13"]
[EventCountry "USA"]
[SourceTitle "CB01_2025"]
[SourceDate "2025.01.01"]
[SourceVersion "1"]
[SourceVersionDate "2025.01.01"]
[SourceQuality "1"]

1. e4 e5 2. Nf3 Nc6 3. Nc3 Nf6 4. Bb5 Nd4 5. 0-0 c6 6. Bc4 d6 7. h3 b5 8. Bb3 a5 9. a3 Nxb3 10. cxb3 Qc7 11. d4 Be7 12. Bg5 Qb8 13. b4 axb4 14. axb4 Rxa1 15. Qxa1 0-0 16. d5 Bb7 17. Qd1 Rc8 18. Bxf6 Bxf6 19. Qd3 Bd8 20. Rd1 cxd5 21. Nxd5 Bc6 22. Nc3 Be7 23. Nd2 Bf8 24. Nf1 g6 25. Ne3 Qb7 26. Ra1 Ra8 27. Ra5 Be7 28. Ned5 Bd8 29. Rxa8 Qxa8 30. Nxb5 Qa1+ 31. Kh2 Qxb2 32. Qc3 Qxc3 33. Nbxc3 f5 34. f3 Kf7 35. Kg1 Ke6 36. Kf2 h5 37. Ke2 Bb7 38. Kd3 Ba6+ 39. b5 Bb7 40. Kc4 Ba5 41. Nb4 Kd7 42. Nbd5 Ke6 43. b6 Ba6+ 44. Kb3 Kd7 45. Ka4 Bxc3 46. Nxc3 Kc6 47. Ka5 Bf1 48. Nd5 f4 49. Nc7 h4 50. Ne8 g5 51. Nc7 Kb7 52. Ne8 Bxg2 53. Nxd6+ Kb8 54. b7 Bxf3 55. Kb6 g4 56. Nf7 Bxe4 57. Nxe5 Bxb7 58. Nxg4 Bg2 59. Nf2 Kc8 60. Kc5 Kd7 61. Nd3 f3 62. Nf2 Ke6 63. Kd4 Kf5 64. Ke3 Kg5 65. Ke4 Bxh3 66. Kxf3 1/2-1/2

[Event "Wch Rapid"]
[Site "New York"]
[Date "2024.12.26"]
[Round "5"]
[White "Antipov, Mikhail Al"]
[Black "Mamedyarov, Shakhriyar"]
[Result "1/2-1/2"]
[WhiteElo "2591"]
[BlackElo "2711"]
[PlyCount "35"]
[EventDate "2024.12.26"]
[EventType "swiss (rapid)"]
[EventRounds "13"]
[EventCountry "USA"]
[SourceTitle "CB01_2025"]
[SourceDate "2025.01.01"]
[SourceVersion "1"]
[SourceVersionDate "2025.01.01"]
[SourceQuality "1"]

1. e4 e5 2. Nf3 Nc6 3. Bc4 Nf6 4. d3 d5 5. exd5 Nxd5 6. 0-0 Bg4 7. Re1 Qd6 8. Nc3 Nxc3 9. bxc3 f6 10. h3 Bh5 11. a4 0-0-0 12. Ba3 Qd7 13. Bxf8 Rhxf8 14. Nxe5 Nxe5 15. Qxh5 Nxc4 16. dxc4 g6 17. Qf3 Qc6 18. Qxc6 1/2-1/2